[Event "Ostrava op-B"]
[Site "Ostrava"]
[Date "2003.05.06"]
[Round "5"]
[White "Adamek, Stanislav"]
[Black "Blecharz, Pavel Sr"]
[Result "0-1"]
[WhiteElo "1592"]
[BlackElo "1804"]
[PlyCount "76"]
[EventDate "2003.05.03"]
[EventType "swiss"]
[EventRounds "10"]
[EventCountry "CZE"]
[SourceTitle "EXT 2006"]
[Source "ChessBase"]
[SourceDate "2005.11.24"]
[SourceVersion "1"]
[SourceVersionDate "2005.11.24"]
[SourceQuality "1"]

1. d4 d5 2. g3 Nf6 3. Bg2 Bf5 4. Nf3 e6 5. 0-0 c5 6. c3 Qb6 7. Nbd2 Nc6 8. dxc5 Bxc5 9. Nb3 Be7 10. Be3 Qc7 11. Bc5 Bxc5 12. Nxc5 b6 13. Nb3 0-0 14. Nbd4 Be4 15. Rc1 Ne5 16. Qa4 a6 17. Nxe5 Bxg2 18. Kxg2 Qxe5 19. e3 Qe4+ 20. Kg1 e5 21. Qd1 exd4 22. Qxd4 Qxd4 23. exd4 Rfe8 24. Rfe1 Rxe1+ 25. Rxe1 Re8 26. Kf1 Rxe1+ 27. Kxe1 Kf8 28. Ke2 Ke7 29. f3 b5 30. b3 Nd7 31. Kd3 f5 32. f4 Nf6 33. c4 bxc4+ 34. bxc4 dxc4+ 35. Kxc4 Kd6 36. a4 Kc6 37. Kb4 Nd5+ 38. Kc4 a5 0-1

[Event "Ostrava op-B"]
[Site "Ostrava"]
[Date "2003.05.05"]
[Round "4"]
[White "Klimes, Jan"]
[Black "Adamek, Stanislav"]
[Result "0-1"]
[WhiteElo "1742"]
[BlackElo "1592"]
[PlyCount "140"]
[EventDate "2003.05.03"]
[EventType "swiss"]
[EventRounds "10"]
[EventCountry "CZE"]
[SourceTitle "EXT 2006"]
[Source "ChessBase"]
[SourceDate "2005.11.24"]
[SourceVersion "1"]
[SourceVersionDate "2005.11.24"]
[SourceQuality "1"]

1. e4 d5 2. e5 c5 3. c3 Nc6 4. d4 Bf5 5. Bd3 Bxd3 6. Qxd3 cxd4 7. cxd4 Qb6 8. Nf3 Nb4 9. Qe2 Rc8 10. Nc3 e6 11. 0-0 Ne7 12. Be3 Nf5 13. Rfc1 Nc6 14. Qb5 Qxb5 15. Nxb5 a6 16. Nc3 Be7 17. Na4 0-0 18. Nc5 Na5 19. b4 Bxc5 20. bxc5 Nxe3 21. fxe3 Nc4 22. Rc3 b6 23. cxb6 Nxb6 24. Rac1 Rxc3 25. Rxc3 Rc8 26. Rxc8+ Nxc8 27. Nd2 Nb6 28. Kf2 Kf8 29. Ke2 Ke8 30. Kd3 Kd7 31. Nb3 Kc6 32. Nc5 a5 33. a4 Nc4 34. h3 Nb6 35. Kc3 Nd7 36. Nb3 Kb6 37. Kd3 f6 38. exf6 gxf6 39. g4 h6 40. Kc3 f5 41. Nd2 fxg4 42. hxg4 Nf6 43. Kd3 Nxg4 44. Nf3 Kc6 45. Nh4 Nf2+ 46. Ke2 Ne4 47. Kd3 h5 48. Ng6 Kd7 49. Ne5+ Ke8 50. Nc6 Nd6 51. Ke2 Nc4 52. Kf3 Kf7 53. Kf4 Kf6 54. Nd8 Nb6 55. Nc6 Nxa4 56. Nxa5 Nc3 57. Nc6 h4 58. Ne5 h3 59. Kg3 Kf5 60. Nf3 Ke4 61. Ng5+ Kxe3 62. Nxe6 Ne2+ 63. Kxh3 Nf4+ 64. Nxf4 Kxf4 65. Kg2 Ke3 66. Kf1 Kxd4 67. Ke2 Kc3 68. Kd1 Kd3 69. Kc1 Ke2 70. Kc2 d4 0-1